Super Hero Anagrams - Statistics

General Stats
  • This quiz has been taken 4,183 times
  • The average score is 15 of 20
Answer Stats
Hint Answer % Correct
MATNAB BATMAN
98%
LUHK HULK
97%
RHOT THOR
95%
CLABK OWDIW BLACK WIDOW
93%
ATIPCAN ACREAMI CAPTAIN AMERICA
90%
SPEARNUM SUPERMAN
84%
ROTMS STORM
83%
YEKEHAW HAWKEYE
82%
RM SATANFITC MR FANTASTIC
82%
COWMATAN CATWOMAN
81%
DREAMPINS SPIDERMAN
80%
FSOREPORS X PROFESSOR X
79%
PLOYSCC CYCLOPS
73%
NOWDREAMNOW WONDERWOMAN
71%
MANORIN IRONMAN
69%
WINELOVER WOLVERINE
67%
MUNHA CORTH HUMAN TORCH
63%
SLIBINEVI ONWAM INVISIBLE WOMAN
60%
RM BREEDLINIC MR INCREDIBLE
37%
CANEMI ICEMAN
35%
No matching quizzes found
Score Distribution
Percent of People with Each Score
Percentile by Number Answered
Your Score History
You have not taken this quiz